Sports Quiz

Random Sports or Basketball Quiz

2002-03 NBA Starters Quiz Stats

 Plays Quiz not verified by Sporcle

Challenge
Share
Tweet
Embed
Score 0/145 Timer 20:00
0 Plays Today
Team Player % Correct
Los Angeles Lakers*Shaquille O'Neal
95.7%
Los Angeles Lakers*Kobe Bryant
95.6%
Indiana Pacers*Jermaine O'Neal
95.5%
New Jersey Nets*Jason Kidd
93.9%
Minnesota Timberwolves*Kevin Garnett
93.8%
Dallas Mavericks*Steve Nash
93.6%
Boston Celtics*Paul Pierce
93.6%
San Antonio Spurs* (Champs)Tim Duncan
93.2%
Dallas Mavericks*Dirk Nowitzki
92.7%
Philadelphia 76ers*Allen Iverson
92.7%
Detroit Pistons*Ben Wallace
91.4%
Portland Trail Blazers*Rasheed Wallace
91.3%
San Antonio Spurs* (Champs)Tony Parker
90.3%
Orlando Magic*Tracy McGrady
90.2%
Toronto RaptorsVince Carter
90.1%
Indiana Pacers*Reggie Miller
89.7%
Los Angeles ClippersAndre Miller
89.5%
Orlando Magic*Mike Miller
89.5%
Indiana Pacers*Brad Miller
89.5%
Seattle SupersonicsGary Payton
88.9%
Houston RocketsYao Ming
88.6%
Sacramento Kings*Chris Webber
88.5%
Utah Jazz*Karl Malone
88.3%
San Antonio Spurs* (Champs)David Robinson
88.2%
Atlanta HawksGlenn Robinson
88.1%
Detroit Pistons*Clifford Robinson
88%
Milwaukee Bucks*Ray Allen
87.8%
Miami HeatMalik Allen
87.6%
Memphis GrizzliesJason Williams
87.2%
Chicago BullsJay Williams
87.1%
Toronto RaptorsAlvin Williams
87.1%
Toronto RaptorsJerome Williams
87%
Boston Celtics*Eric Williams
86.9%
Phoenix Suns*Scott Williams
86.9%
Detroit Pistons*Chauncey Billups
86.7%
Sacramento Kings*Mike Bibby
86.3%
Detroit Pistons*Richard Hamilton
86.2%
Los Angeles Lakers*Derek Fisher
86%
New Orleans Hornets*Baron Davis
85.6%
Toronto RaptorsAntonio Davis
85.5%
Portland Trail Blazers*Dale Davis
85.4%
Cleveland CavaliersRicky Davis
85.4%
Utah Jazz*John Stockton
85.2%
Boston Celtics*Antoine Walker
84.5%
Los Angeles Lakers*Samaki Walker
84.2%
Phoenix Suns*Stephon Marbury
82.5%
Los Angeles ClippersElton Brand
81.5%
Houston RocketsSteve Francis
81.1%
San Antonio Spurs* (Champs)Stephen Jackson
80.7%
Team Player % Correct
Sacramento Kings*Peja Stojakovic
80.5%
Memphis GrizzliesPau Gasol
77.8%
New Jersey Nets*Richard Jefferson
77.7%
Phoenix Suns*Shawn Marion
77.4%
Washington WizardsMichael Jordan
76.6%
Sacramento Kings*Vlade Divac
74.9%
Golden State WarriorsAntawn Jamison
74.6%
Milwaukee Bucks*Sam Cassell
74.2%
New York KnicksLatrell Sprewell
73.8%
Miami HeatEddie Jones
73.6%
New Jersey Nets*Kenyon Martin
72.7%
Cleveland CavaliersZydrunas Ilgauskas
72.7%
New York KnicksAllan Houston
72.4%
Phoenix Suns*Amare Stoudemire
71.8%
Dallas Mavericks*Michael Finley
71.8%
Seattle SupersonicsRashard Lewis
71.3%
Golden State WarriorsGilbert Arenas
70.9%
Atlanta HawksJason Terry
69.3%
Philadelphia 76ers*Eric Snow
67.9%
Los Angeles Lakers*Rick Fox
67.4%
Detroit Pistons*Michael Curry
66.3%
Golden State WarriorsJason Richardson
66%
Denver NuggetsJuwan Howard
65.7%
New Orleans Hornets*P.J. Brown
65.4%
Sacramento Kings*Doug Christie
63.4%
New Orleans Hornets*Jamal Mashburn
62.4%
San Antonio Spurs* (Champs)Bruce Bowen
62%
Denver NuggetsRyan Bowen
61.9%
Indiana Pacers*Ron Artest
61.9%
Chicago BullsTyson Chandler
61.7%
Chicago BullsJalen Rose
61.6%
Washington WizardsJerry Stackhouse
61.4%
Atlanta HawksShareef Abdur-Rahim
59.6%
Indiana Pacers*Jamaal Tinsley
59.5%
Phoenix Suns*Anfernee Hardaway
59.2%
New York KnicksKurt Thomas
59.1%
Milwaukee Bucks*Tim Thomas
59%
Orlando Magic*Shawn Kemp
58.6%
Houston RocketsCuttino Mobley
58.1%
Los Angeles ClippersLamar Odom
57.5%
Philadelphia 76ers*Keith Van Horn
57.3%
Portland Trail Blazers*Derek Anderson
55.9%
Portland Trail Blazers*Scottie Pippen
55.9%
Miami HeatCaron Butler
54.9%
Cleveland CavaliersCarlos Boozer
53.8%
Golden State WarriorsErick Dampier
53.8%
Minnesota Timberwolves*Wally Szczerbiak
53.1%
Los Angeles ClippersCorey Maggette
52.7%
Memphis GrizzliesShane Battier
51.4%
Team Player % Correct
New Jersey Nets*Kerry Kittles
51.3%
Miami HeatBrian Grant
50.2%
Boston Celtics*Tony Battie
46.8%
New Orleans Hornets*David Wesley
45.2%
Washington WizardsLarry Hughes
43.2%
Philadelphia 76ers*Aaron McKie
41.7%
Utah Jazz*Greg Ostertag
41.2%
Denver NuggetsNene Hilario
40.9%
Portland Trail Blazers*Bonzi Wells
40.9%
Toronto RaptorsMorris Peterson
40.8%
New Orleans Hornets*Jamaal Magloire
40.4%
Cleveland CavaliersDarius Miles
40.3%
Washington WizardsBrendan Haywood
39.9%
New Jersey Nets*Jason Collins
39.6%
Atlanta HawksTheo Ratliff
38.8%
Milwaukee Bucks*Anthony Mason
37.4%
New York KnicksOthella Harrington
35%
Denver NuggetsJunior Harrington
34.9%
Golden State WarriorsTroy Murphy
34.8%
Utah Jazz*Matt Harpring
32.1%
Seattle SupersonicsBrent Barry
29.7%
Memphis GrizzliesLorenzen Wright
28%
Dallas Mavericks*Raef LaFrentz
26.7%
Minnesota Timberwolves*Rasho Nesterovic
25.9%
Minnesota Timberwolves*Troy Hudson
24.7%
Chicago BullsTrenton Hassell
22.1%
Washington WizardsChristian Laettner
22.1%
Chicago BullsDonyell Marshall
19.3%
Dallas Mavericks*Adrian Griffin
18%
Houston RocketsEddie Griffin
18%
Houston RocketsJames Posey
17.9%
Minnesota Timberwolves*Anthony Peeler
16%
Seattle SupersonicsReggie Evans
15.1%
Orlando Magic*Pat Garrity
14.5%
New York KnicksHoward Eisley
13.3%
Miami HeatTravis Best
13.2%
Philadelphia 76ers*Todd MacCulloch
11.7%
Memphis GrizzliesWesley Person
11.3%
Milwaukee Bucks*Dan Gadzuric
10.3%
Orlando Magic*Jacque Vaughn
7.8%
Utah Jazz*Calbert Cheaney
6.3%
Seattle SupersonicsPredrag Drobnjak
4.5%
Atlanta HawksIra Newble
4.5%
Los Angeles ClippersSean Rooks
3.8%
Boston Celtics*J.R. Bremer
3.8%
Denver NuggetsVincent Yarbrough
3.7%
Cleveland CavaliersMilt Palacio
3.3%

You're not logged in!

Compare scores with friends on all Sporcle quizzes.
Join for Free
OR
Log In

You Might Also Like...

Show Comments

Extras

Top Quizzes Today


Score Distribution

Your Account Isn't Verified!

In order to create a playlist on Sporcle, you need to verify the email address you used during registration. Go to your Sporcle Settings to finish the process.

Report this User

Report this user for behavior that violates our Community Guidelines.

Details: